000 00562nam a22001937a 4500
005 20251108165357.0
008 250721s1969 xx 000 0 ara d
082 1 4 _a933/محم
100 1 _aدروزه، محمد عزت
245 1 0 _aتاريخ بني إسرائيل من أسفارهم /
264 1 _aبيروت (صيدا) :
_bالمكتبة العصرية،
_c1969.
300 _a551ص
650 1 7 _aفلسطين
650 1 7 _aالتاريخ القديم
650 1 7 _aالتاريخ
650 1 7 _aاليهود
942 _2ddc
_cBK
999 _c26433
_d26433